000 00909nam a22002777a 4500
001 8676
003 FISKH
005 20251009161209.0
008 251009b cb ||||| |||| 00| 0 eng d
020 _a9780516263533
040 _aFISKH
_beng
_cFISKH
_dFISKH
050 _aQL596.C65 H56
082 _a595.76
100 _aHimmelman, John
_eAuthor
245 _aA ladybug's life /
_cWritten and illustrated by John Himmelman
260 _aNew York :
_bChildren's press ,
_c1998
300 _a30 unnumbered pages :
_bcolor illustrations ;
_c21 x 26 cm
505 _aJ
520 _aIllustrations and simple text follow the daily activities of a ladybug through its life cycle, from summer to fall.
521 8 _a450
_bLexile
521 8 _aJ
_bRaz-Plus
650 _aInsect life cycle
_vBiology and Ecology
700 _aHimmelman, John
_eIllustrator
942 _2ddc
_cBK
_n0
999 _c8676
_d8676